Can You Name All Animal Crossing: New Horizons Villagers? - Statistics

General Stats
  • This quiz has been taken 4,445 times
  • The average score is 180 of 413
Answer Stats
Picture Answer % Correct
Maple
78%
Apple
77%
Bob
77%
Tangy
77%
Coco
74%
Molly
74%
Stitches
74%
Ankha
73%
Lily
73%
Cherry
72%
Goldie
72%
Ketchup
72%
Marshal
71%
Raymond
71%
Beau
70%
Fauna
70%
Marina
69%
Octavian
69%
Sherb
69%
Tia
69%
Apollo
68%
Zucker
68%
Rosie
67%
Bluebear
66%
Dom
66%
Lolly
66%
Lucky
66%
Audie
65%
Cookie
65%
Julian
65%
Kiki
65%
Judy
64%
Camofrog
63%
Tipper
62%
Butch
61%
Chester
61%
Drago
61%
Pietro
61%
Sasha
61%
Cheri
60%
Merengue
60%
Shino
60%
Skye
60%
Bunnie
59%
Erik
59%
Flora
59%
Roald
59%
Shep
59%
Sprinkle
59%
Bianca
58%
Cube
58%
Daisy
58%
Hamlet
58%
Hazel
58%
Kid Cat
58%
Mint
58%
Whitney
58%
Wolfgang
58%
Agnes
57%
Beardo
57%
Bones
57%
Diana
57%
Fang
57%
Ione
57%
Teddy
57%
Bam
56%
Chadder
56%
Chevre
56%
Eugene
56%
Gayle
56%
Nan
56%
Pashmina
56%
Poppy
56%
Rudy
56%
Bea
55%
Boots
55%
Goose
55%
Hornsby
55%
June
55%
Kabuki
55%
Katt
55%
Merry
55%
Punchy
55%
Quillson
55%
Chrissy
54%
Patty
54%
Puddles
54%
Reneigh
54%
Antonio
53%
Eloise
53%
Jay
53%
Melba
53%
Mitzi
53%
Pecan
53%
Tammy
53%
Willow
53%
Zell
53%
Flurry
52%
Peanut
52%
Ruby
52%
Stinky
52%
Alli
51%
Aurora
51%
Diva
51%
Dotty
51%
Felicity
51%
Frita
51%
Fuchsia
51%
Kidd
51%
Naomi
51%
Portia
51%
Tad
51%
Wart Jr.
51%
Agent S
50%
Al
50%
Clay
50%
Freckles
50%
Muffy
50%
Petri
50%
Ribbot
50%
Scoot
50%
Shari
50%
Barold
49%
Filbert
49%
Francine
49%
Genji
49%
Julia
49%
Megan
49%
Twiggy
49%
Bangle
48%
Biff
48%
Bill
48%
Biskit
48%
Bonbon
48%
Chai
48%
Deirdre
48%
Jambette
48%
Marlo
48%
Monique
48%
Pekoe
48%
Alfonso
47%
Alice
47%
Blanche
47%
Cephalobot
47%
Henry
47%
Hopper
47%
Purrl
47%
Renee
47%
Savannah
47%
Tank
47%
Winnie
47%
Dobie
46%
Drake
46%
Joey
46%
Maggie
46%
Nana
46%
Norma
46%
Olive
46%
Sprocket
46%
Static
46%
Violet
46%
Anchovy
45%
Angus
45%
Ellie
45%
Freya
45%
Kyle
45%
Mira
45%
O'Hare
45%
Pate
45%
Tabby
45%
Carmen
44%
Chief
44%
Chops
44%
Egbert
44%
Margie
44%
Olivia
44%
Rhonda
44%
Rod
44%
Snake
44%
Walker
44%
Annalisa
43%
Bella
43%
Bertha
43%
Billy
43%
Bubbles
43%
Chow
43%
Hans
43%
Hopkins
43%
Jitters
43%
Ken
43%
Lobo
43%
Moe
43%
Phil
43%
Pinky
43%
Rodney
43%
Roscoe
43%
Soleil
43%
Tutu
43%
Vivian
43%
Annalise
42%
Azalea
42%
Blaire
42%
Boomer
42%
Dizzy
42%
Graham
42%
Harry
42%
Jeremiah
42%
Lucha
42%
Marcel
42%
Nibbles
42%
Phoebe
42%
Prince
42%
Pudge
42%
Rocket
42%
Vesta
42%
Boone
41%
Deli
41%
Gala
41%
Huck
41%
Lionel
41%
Maddie
41%
Opal
41%
Peaches
41%
Plucky
41%
Velma
41%
Amelia
40%
Astrid
40%
Axel
40%
Canberra
40%
Celia
40%
Colton
40%
Iggly
40%
Knox
40%
Lyman
40%
Penelope
40%
Rilla
40%
Sydney
40%
Tucker
40%
Ursala
40%
Ava
39%
Big Top
39%
Broccolo
39%
Bruce
39%
Claude
39%
Coach
39%
Cyd
39%
Derwin
39%
Etoile
39%
Faith
39%
Gaston
39%
Hippeux
39%
Mac
39%
Pompom
39%
Poncho
39%
Claudia
38%
Croque
38%
Gloria
38%
Gwen
38%
Kevin
38%
Marcie
38%
Marty
38%
Papi
38%
Piper
38%
Tammi
38%
Tasha
38%
Victoria
38%
Vladimir
38%
Admiral
37%
Bettina
37%
Bud
37%
Cole
37%
Del
37%
Gigi
37%
Kitty
37%
Lopez
37%
Sterling
37%
Sylvana
37%
Tom
37%
Anicotti
36%
Cousteau
36%
Doc
36%
Eunice
36%
Gruff
36%
Jacques
36%
Klaus
36%
Midge
36%
Monty
36%
Robin
36%
Rodeo
36%
Tiansheng
36%
Toby
36%
Avery
35%
Bree
35%
Cashmere
35%
Elmer
35%
Flo
35%
Frobert
35%
Olaf
35%
Ozzie
35%
Pierce
35%
Queenie
35%
Quinn
35%
Ace
34%
Benjamin
34%
Charlise
34%
Cleo
34%
Elise
34%
Mathilda
34%
Murphy
34%
Rasher
34%
Rizzo
34%
Rocco
34%
Sheldon
34%
Tiffany
34%
Wendy
34%
Anabelle
33%
Candi
33%
Caroline
33%
Cranston
33%
Curlos
33%
Deena
33%
Jacob
33%
Maelle
33%
Moose
33%
Peewee
33%
Raddle
33%
Rory
33%
Simon
33%
Sly
33%
Stella
33%
Chabwick
32%
Chelsea
32%
Curly
32%
Ed
32%
Gladys
32%
Leopold
32%
Mallary
32%
Nate
32%
Peggy
32%
Puck
32%
Snooty
32%
T-Bone
32%
Benedict
31%
Bitty
31%
Broffina
31%
Curt
31%
Cyrano
31%
Dora
31%
Elvis
31%
Ike
31%
Kody
31%
Limberg
31%
Paula
31%
Ricky
31%
Rio
31%
Roswell
31%
Sandy
31%
Stu
31%
Sylvia
31%
Vic
31%
Zoe
31%
Flip
30%
Louie
30%
Sally
30%
Spork
30%
Truffles
30%
Wade
30%
Walt
30%
Baabara
29%
Drift
29%
Gabi
29%
Gonzo
29%
Grizzly
29%
Hamphrey
29%
Rex
29%
Sparro
29%
Tex
29%
Yuka
29%
Buck
28%
Cesar
28%
Cobb
28%
Frett
28%
Friga
28%
Groucho
28%
Pango
28%
Peck
28%
Rolf
28%
Rowan
28%
Samson
28%
Spike
28%
Boris
27%
Cally
27%
Carrie
27%
Leonardo
27%
Lucy
27%
Paolo
27%
Pippy
27%
Weber
27%
Becky
26%
Clyde
26%
Keaton
26%
Kitt
26%
Pancetti
26%
Tybalt
26%
Greta
25%
Hugh
25%
Miranda
25%
Mott
25%
Boyd
24%
Buzz
24%
Rooney
24%
Timbra
24%
Frank
23%
No matching quizzes found
Score Distribution
Percent of People with Each Score
Percentile by Number Answered
Your Score History
You have not taken this quiz